Fragen aus der Wissenschaft - Buchstabe K - Statistiken

Allgemein
  • Dieses Quiz wurde 163 mal gespielt
  • Das Durchschnittsergebnis liegt bei 9 aus 20
Antwortstatistiken
Hinweis Antwort % Korrekt
Brennstoff aus abgestorbenen Pflanzen Kohle
82%
Austausch von Information, z. B. durch Sprache Kommunikation
80%
Unveränderlicher Wert in Mathematik oder Physik Konstante
80%
Übergang von Gas zu Flüssigkeit Kondensation
68%
Stoff, der eine chemische Reaktion beschleunigt Katalysator
66%
Philosoph der Aufklärung - kategorischer Imperativ Immanuel Kant
65%
Deutscher Industrieller und Erfinder, Stahlherstellung Alfred Krupp
52%
Chinesischer Lehrer, Politiker und Philosoph Konfuzius
48%
Astronom - Über die Umlaufbahnen der Himmelssphären Nikolaus Kopernikus
46%
Lehre von Bewegungen unter dem Einfluss von Kräften Kinetik
42%
Deutscher Mediziner und Mikrobiologe - Tuberkulose Robert Koch
41%
Veraltete Einheit für Energie Kalorie
39%
Umwandlung von Wasserstoff in Helium in der Sonne Kernfusion
37%
Bauteil zur Speicherung elektrischer Ladung / Energie Kondensator
37%
Statistischer Zusammenhang zwischen Merkmalen Korrelation
34%
Wichtigstes blutbildende Organ von Wirbeltieren Knochenmark
23%
Wärmetransport durch Strömung Konvektion
19%
Gesamtheit von Wissen, Werten und Gewohnheiten Kultur
19%
Wissenschaft von Steuerungs- und Regelungsmechanismen Kybernetik
6%
Deutscher Physiker - Spektralanalyse Gustav Robert Kirchhoff
2%
Keine übereinstimmenden Quizze gefunden
Verteilung der Resultate
Anzahl Personen mit jedem Resultat
Perzentil nach korrekt beantworteten Fragen
Ihre Resultats-Entwicklung
Sie haben dieses Quiz noch nicht gespielt